000
00209nam a22000857a 4500
008
161116b xxu||||| |||| 00| 0 eng d
100
_9
1233
_a
CBSE
245
_a
F.A. Social Science-X
260
_a
New Delhi
_b
CBSE
_c
2010
999
_c
3935
_d
3935